<?xml version="1.0" encoding="UTF-8"?>
<record
    xmlns:xsi="http://www.w3.org/2001/XMLSchema-instance"
    xsi:schemaLocation="http://www.loc.gov/MARC21/slim http://www.loc.gov/standards/marcxml/schema/MARC21slim.xsd"
    xmlns="http://www.loc.gov/MARC21/slim">

  <leader>00749cam a22002291  4500</leader>
  <controlfield tag="001">sa 67007729 </controlfield>
  <controlfield tag="003">DLC</controlfield>
  <controlfield tag="005">20260227112418.0</controlfield>
  <controlfield tag="008">870413s1965    ii            000 0bhin  </controlfield>
  <datafield tag="010" ind1=" " ind2=" ">
    <subfield code="a">sa 67007729 </subfield>
  </datafield>
  <datafield tag="035" ind1=" " ind2=" ">
    <subfield code="a">(OCoLC)15525790</subfield>
  </datafield>
  <datafield tag="040" ind1=" " ind2=" ">
    <subfield code="a">DLC</subfield>
    <subfield code="c">NRU</subfield>
    <subfield code="d">NRU</subfield>
    <subfield code="d">DLC</subfield>
  </datafield>
  <datafield tag="042" ind1=" " ind2=" ">
    <subfield code="a">premarc</subfield>
  </datafield>
  <datafield tag="050" ind1="0" ind2="0">
    <subfield code="a">DS479.1.L27</subfield>
    <subfield code="b">V3</subfield>
  </datafield>
  <datafield tag="100" ind1="1" ind2=" ">
    <subfield code="a">Varm&#x101;, Muku&#x1E6D;abih&#x101;r&#x12B;.</subfield>
  </datafield>
  <datafield tag="245" ind1="1" ind2="0">
    <subfield code="a">Pa&#xF1;j&#x101;bakesar&#x12B; L&#x101;l&#x101; L&#x101;japatar&#x101;ya;</subfield>
    <subfield code="b">eka mah&#x101;na de&#x15B;a-bhakta k&#x12B; prera&#x1E47;&#x101;d&#x101;yaka j&#x12B;van&#x12B;.</subfield>
    <subfield code="c">[Lekhaka] Muku&#x1E6D;abih&#x101;r&#x12B; Varm&#x101;.</subfield>
  </datafield>
  <datafield tag="260" ind1=" " ind2=" ">
    <subfield code="a">Na&#x12B; Dill&#x12B;,</subfield>
    <subfield code="b">Sast&#x101; Sahitya Ma&#x1E47;&#x1E0D;ala,</subfield>
    <subfield code="c">1965.</subfield>
  </datafield>
  <datafield tag="300" ind1=" " ind2=" ">
    <subfield code="a">80 p.</subfield>
    <subfield code="c">19 cm.</subfield>
  </datafield>
  <datafield tag="500" ind1=" " ind2=" ">
    <subfield code="a">At head of title: Sats&#x101;hitya Prak&#x101;&#x15B;ana.</subfield>
  </datafield>
  <datafield tag="500" ind1=" " ind2=" ">
    <subfield code="a">In Hindi.</subfield>
  </datafield>
  <datafield tag="600" ind1="0" ind2="0">
    <subfield code="a">Lajpat Rai,</subfield>
    <subfield code="c">Lala,</subfield>
    <subfield code="d">1865-1928.</subfield>
  </datafield>
  <datafield tag="999" ind1=" " ind2=" ">
    <subfield code="c">76754</subfield>
    <subfield code="d">76754</subfield>
  </datafield>
</record>
